Most Commonly Used Letters in the Alphabet - Statistics

General Stats
  • This quiz has been taken 277 times
  • The average score is 24 of 26
Answer Stats
Percentage Answer % Correct
11.1% E
100%
8.4% A
99%
7.5% I
97%
7.1% O
96%
7.5% R
96%
6.9% T
96%
3.6% U
96%
3.3% D
95%
1.7% Y
95%
2.0% B
94%
4.5% C
94%
2.4% G
94%
6.6% N
94%
5.7% S
94%
1.2% W
94%
5.4% L
93%
3.01% M
93%
3.1% P
93%
1.8% F
92%
3.0% H
92%
1.1% K
91%
0.1962% Q
91%
0.1965% J
89%
0.27% Z
89%
1.0% V
88%
0.29% X
88%
No matching quizzes found
Score Distribution
Percent of People with Each Score
Percentile by Number Answered
Your Score History
You have not taken this quiz